Fr. Conceicao Rodrigues College of Engineering

Datastructures using C and C++ (Record no. 18649)

MARC details
000 -LEADER
fixed length control field 00318nam a2200133Ia 4500
082 ## - DEWEY DECIMAL CLASSIFICATION NUMBER
Classification number 5.73
Item number LAN
100 ## - MAIN ENTRY--PERSONAL NAME
Personal name Langsam.Augenstein/ Tanenbaum /Andrew S.
245 ## - TITLE STATEMENT
Title Datastructures using C and C++
260 ## - PUBLICATION, DISTRIBUTION, ETC.
Name of publisher, distributor, etc. Prentice Hall
Date of publication, distribution, etc. 2002
300 ## - PHYSICAL DESCRIPTION
Extent 672
546 ## - LANGUAGE NOTE
Language note ENGLISH
654 ## - SUBJECT ADDED ENTRY--FACETED TOPICAL TERMS
Focus term datastructures
942 ## - ADDED ENTRY ELEMENTS (KOHA)
Koha item type BOOK
Holdings
Withdrawn status Lost status Damaged status Not for loan Collection Home library Current library Date acquired Total Checkouts Full call number Barcode Date last seen Date last checked out Price effective from Koha item type Total Renewals
        CRC Fr. Agnel's C.Rodrigues College of Engineering AGNEL TECHNICAL COLLEGE LIBRARY 17/03/2023 1 5.73 LAN 13513 08/09/2025 04/09/2025 17/03/2023 BOOK  
        CRC Fr. Agnel's C.Rodrigues College of Engineering AGNEL TECHNICAL COLLEGE LIBRARY 17/03/2023 1 5.73 LAN 13514 22/09/2025 06/08/2025 17/03/2023 BOOK 1
        CRC Fr. Agnel's C.Rodrigues College of Engineering AGNEL TECHNICAL COLLEGE LIBRARY 17/03/2023 2 5.73 LAN 13516 22/08/2025 24/07/2025 17/03/2023 BOOK 2
        CRC Fr. Agnel's C.Rodrigues College of Engineering Fr. Agnel's C.Rodrigues College of Engineering 17/03/2023   5.73 LAN 13515 17/03/2023   17/03/2023 BOOK  
        CRC Fr. Agnel's C.Rodrigues College of Engineering Fr. Agnel's C.Rodrigues College of Engineering 17/03/2023   5.73 LAN 13517 17/03/2023   17/03/2023 BOOK